00323nam a2200121Ia 4500008004100000041000800041082001700049100001900066245004400085260003900129300002400168365000900192240624s9999 xx 000 0 und d aeng a658.812 SHA  aSHANKMAN PETER aZOMBIE LOYALISTS USING GREAT SERVICE TO c2015aNew YorkbPalgrave Macmillan avii, 248 p.; 23 cm. cb38